| 000 -LEADER |
| fixed length control field |
01259nam a2200229Ia 4500 |
| 003 - CONTROL NUMBER IDENTIFIER |
| control field |
OSt |
| 005 - DATE AND TIME OF LATEST TRANSACTION |
| control field |
20241008133926.0 |
| 007 - PHYSICAL DESCRIPTION FIXED FIELD--GENERAL INFORMATION |
| fixed length control field |
ca aa aaaaa |
| 008 - FIXED-LENGTH DATA ELEMENTS--GENERAL INFORMATION |
| fixed length control field |
201103s9999 xx 000 0 und d |
| 040 ## - CATALOGING SOURCE |
| Transcribing agency |
SSBUL |
| 041 ## - LANGUAGE CODE |
| Language code of text/sound track or separate title |
bur |
| 082 ## - DEWEY DECIMAL CLASSIFICATION NUMBER |
| Edition number |
23 |
| Classification number |
၂၉၄.၃၄၃၅ စိုး |
| Item number |
၉၂၂၁ S-SAT |
| 100 0# - MAIN ENTRY--PERSONAL NAME |
| Personal name |
စိုးမှူး၊ ရွှေဘို- |
| 9 (RLIN) |
17384 |
| 245 10 - TITLE STATEMENT |
| Title |
ပြည်တော်ပြန် ရန်အောင်မြင် နန်းဦးဒက္ခိဏသာခါဘုရားကြီး သမိုင်း / |
| Statement of responsibility, etc. |
ရွှေဘို စိုးမှူး၊ ရှာဖွေစုဆောင်းသူ ရွှေဘိုရန်အောင်။ |
| 260 ## - PUBLICATION, DISTRIBUTION, ETC. |
| Place of publication, distribution, etc. |
ရန်ကုန် ၊ |
| Name of publisher, distributor, etc. |
အသိုင်းအဝိုင်းစာပေ၊ |
| Date of publication, distribution, etc. |
၁၉၉၈။ |
| 300 ## - PHYSICAL DESCRIPTION |
| Extent |
၁၀၂ စာမျက်နှာ ၊ |
| Dimensions |
၁၈ စင်တီ။ |
| 500 ## - GENERAL NOTE |
| General note |
S-SAT: Dr Sai Aung Tun |
| 650 ## - SUBJECT ADDED ENTRY--TOPICAL TERM |
| Topical term or geographic name entry element |
စေတီပုထိုး |
| 9 (RLIN) |
12797 |
|
| Topical term or geographic name entry element |
နန်းဦးဒက္ခိဏသာခါဘုရား |
| Form subdivision |
သမိုင်း |
| 9 (RLIN) |
54947 |
| 700 ## - ADDED ENTRY--PERSONAL NAME |
| Personal name |
ရွှေဘိုရန်အောင် |
| Relator term |
ရှာဖွေစုဆောင်းသူ |
| 9 (RLIN) |
54948 |
| 942 ## - ADDED ENTRY ELEMENTS (KOHA) |
| Source of classification or shelving scheme |
|
| Koha item type |
Book (Short term) |